Juicios de Estado : la ley y la decadencia de la política /

Bibliographic Details
Main Author: Sumption, Jonathan (Author)
Other Authors: Otero-Piñeiro, Dulcinea (Translator)
Format: Electronic eBook
Language:Spanish
English
Published: Barcelona : Antoni Bosch editor, [2019]
Subjects:
Online Access:Digitalia Hispánica

MARC

LEADER 00000nam a2200000Ii 4500
001 DIGANBSCH0033
003 NyNyDIG
006 m o d
007 cr |||||||||||
008 240103s2019 sp ob 000 0 spa d
035 |a (OCoLC)1417821034 
040 |a DGITA  |b eng  |e rda  |e pn  |c DGITA 
020 |a 9788494997983  |q eBook 
020 |z 9788494997938 
041 1 |a spa  |h eng 
050 1 4 |a K3367 ebook 
082 0 4 |a 340.115  |2 23 
100 1 |a Sumption, Jonathan,  |e author. 
240 1 0 |a Trials of the state.  |l Spanish  |s (Otero-Piñeiro) 
245 1 0 |a Juicios de Estado :  |b la ley y la decadencia de la política /  |c Jonathan Sumption ; traducción de Dulcinea Otero-Piñeiro. 
264 1 |a Barcelona :  |b Antoni Bosch editor,  |c [2019] 
300 |a 1 online resource. 
336 |a text  |b txt  |2 rdacontent 
337 |a computer  |b c  |2 rdamedia 
338 |a online resource  |b cr  |2 rdacarrier 
347 |a text file  |2 rdaft 
347 |b EPUB 
504 |a Includes bibliographical references. 
588 0 |a Online resource; title from ePub title page (Digitalia, viewed January 3, 2024) 
650 0 |a Political questions and judicial power. 
700 1 |a Otero-Piñeiro, Dulcinea,  |e translator.  
700 1 |i Translation of:  |a Sumption, Jonathan.  |t Trials of the state. 
791 2 |a Digitalia (Firm),  |e distributor. 
793 0 |g Digitalia eBook Collection:  |a Antoni Bosch Editor 
776 0 8 |i Print version:  |a Sumption, Jonathan.  |s Trials of the state. Spanish (Otero-Piñeiro).  |t Juicios de Estado.  |d Barcelona : Antoni Bosch editor, [2019]  |z 9788494997938 
856 4 0 |3 Digitalia Hispánica  |u https://www.digitaliapublishing.com/a/99999/ 
910 |a Premium collection: 2024